| 000 | 01772nam2a22002531 4500 | ||
|---|---|---|---|
| 001 | RU\NLR\INFOCOMM21\5000037304 | ||
| 005 | 20250617025130.0 | ||
| 035 | _a(NLR Aleph) 002394125 | ||
| 090 |
_a4639545 _c4639545 |
||
| 100 | _a20050117d1866 |||y0rusy50 ca | ||
| 101 | 0 | _arus | |
| 102 | _aRU | ||
| 105 | _ay ||||000|y | ||
| 200 | 0 | _aГ.6 1866, Т.6, №13/14 | |
| 210 |
_d1866 _aБ. м. |
||
| 421 | 0 |
_12001#$aОтчет Новоузенской уездной земской управы на статью, помещенную в 40 № Самарских губернских ведомостей, по поводу устройства семи земских школ в Новоузенском уезде _1210##$a[СПб.$d1866] _1309##$a(Припл.) _tОтчет Новоузенской уездной земской управы на статью, помещенную в 40 № Самарских губернских ведомостей, по поводу устройства семи земских школ в Новоузенском уезде |
|
| 461 | 0 |
_1001RU\NLR\INFOCOMM21\5000037173 _12001#$aУчитель$eЖурн. для наставников, родителей и всех желающих заниматься воспитанием и обучением детей$vГ.6 1866, Т.6, №13/14 _94639500 _cСПб. _d1861-1870 _nИ. Паульсон и Н. Венсель _oЖурн. для наставников, родителей и всех желающих заниматься воспитанием и обучением детей _tУчитель _vГ.6 1866, Т.6, №13/14 |
|
| 801 | 1 |
_aRU _bInfoComm _c20050117 |
|
| 801 | 0 |
_aRU _bNLR _gPSBO |
|
| 852 |
_aNLR _j2/1638н |
||
| 942 | _cISSUE | ||
| 980 | _aNB | ||
| 980 | _aRUSPER | ||